000 00798nam a2200265Ia 4500
001 16151
003 GE_BSU
008 181216s||||||||xx |||||||||||||| ||und||
020 _a9785769539619
040 _cGE_BSU
080 _a530+544.18(075.8)
100 _aБарановский В.
245 _aКвантовая механика и квантовая химия
245 _bУчеб.пособ. для студ.высш,учеб,заведений
245 _cРед:А,И,Яловская
260 _aМосква
260 _bAкадемия
260 _c2008
300 _a383стр.22см
541 _h125 Л.
653 _aКвантовая механика и квантовая химия
653 _aхимия
653 _aქიმია
942 _cBK
999 _c49238
_d49238